00534 2200217 4500001002100000005001500021035002000036007000300056008004100059020001800100082001000118084001600128100001500144245003900159260004000198300002800238650001300266504001600279856001100295990001000306INLIS00000000000393420251204090042 a0010-1225000030ta251204 g 0 ind  a979-28-1942-7 a398.2 a398.2 RIA r0 aRiana Wati1 aRamayana :bRamayana /cRiana Wati aKlaten :bPT. Intan Pariwara,c2015 a92 hlm :bilus ;c25 cm 4aRamayana aBibliografi aRak Y1 a06474